000 02639nam a2200421 c 4500
003 BLK
005 20250318145103.0
008 180408b bul|||||r ||||||| ||bul||
010 _aKNG00059125000
020 _a954-8879-08-5
_bиздат.: ACT Music
040 _aBLK
041 _aBUL
_cBUL
080 _aМузиканти-творци, композитори
_b78.071.1
_x(497.2)(092)(044)
_z78.071.1(497.2)(092)(044)
080 _aБългарска литература
_b821.163.2
_x-6
_z821.163.2-6
080 _aБългарски композитор
_b929 Илиев, Константин Николов
_x
_z929 Илиев, Константин Николов
080 _a
_b929 Николов, Лазар Костов
_x
_z929 Николов, Лазар Костов
100 _aИлиев, Константин Николов
_d1924-1988
_gЦигулар, композитор, гл. диригент на Софийската държавна филхармония. Професор в Музикална академия - София. Основател на Фестивала за камерна музика - Добрич
_9387583
700 _aНиколов, Лазар Костов
_d1922-2005
_9388913
139 _aИлиев, Константин и др.
_bИ 52
245 1 0 _aПисма
_cКонстантин Николов Илиев; съавт. Лазар Костов Николов.
257 _aBGR
260 Пловдив
_bACT Music
_c2005
300 _a196 с.
_c24 см
380 _a7
500 _aКн. е издадена с конкурс на Национален фонд Култура. - Съдържа и Пътят към новата българска музика / Юлиан Куюмджиев
600 0 _aИлиев, Константин Николов
_d1924-1988
_gЦигулар, композитор, гл. диригент на Софийската държавна филхармония. Професор в Музикална академия - София. Основател на Фестивала за камерна музика - Добрич
_9387583
600 0 _aНиколов, Лазар Костов
_d1922-2005
_9388913
650 4 _aКомпозитори, български
_9241861
650 4 _aДиригенти, български
_9246357
653 _aбългарски композитори
653 _aдиригенти
852 _aЦб 226993
856 4 _qpdf
_u
856 4 _qpdf
_u
942 _cKNG
_n0
_01
944 _aCR
_c29.03.2006
_k30540
_lСевдалина Тодорова
944 _aED
_c19.02.2007
_k
999 _c55160
_d55160